[Event "Mem Jose Pepe Macias 2nd"]
[Site "Pehuajo"]
[Date "2018.05.27"]
[Round "5.4"]
[White "Barraza, Juan Ignacio"]
[Black "Leiva, Juan1111"]
[Result "0-1"]
[WhiteElo "1430"]
[BlackElo "1568"]
[PlyCount "44"]
[EventDate "2018.05.25"]
[EventType "swiss"]
[EventRounds "6"]
[EventCountry "ARG"]
[SourceTitle "EXT 2024"]
[Source "ChessBase"]
[SourceDate "2023.10.10"]
[SourceVersion "1"]
[SourceVersionDate "2023.10.10"]
[SourceQuality "1"]

1. d4 d6 2. Bf4 g6 3. Nc3 Bg7 4. e4 c6 5. Qd2 Qa5 6. 0-0-0 b5 7. a3 Nd7 8. Nf3 Ngf6 9. Bd3 b4 10. Na2 c5 11. e5 Nd5 12. exd6 Nxf4 13. Qxf4 bxa3 14. b3 e6 15. Rhe1 0-0 16. Qg4 Nf6 17. Qf4 Nd5 18. Qd2 Qxd2+ 19. Rxd2 cxd4 20. g4 Bb7 21. h4 Nc3 22. Nxc3 dxc3 0-1

[Event "ARG-ch U14"]
[Site "Villa Martelli"]
[Date "2018.02.09"]
[Round "2.1"]
[White "Barraza, Juan Ignacio"]
[Black "Ibarra, Juan Martin"]
[Result "0-1"]
[WhiteElo "1576"]
[BlackElo "2021"]
[PlyCount "66"]
[EventDate "2018.02.09"]
[EventType "swiss"]
[EventRounds "9"]
[EventCountry "ARG"]
[SourceTitle "EXT 2024"]
[Source "ChessBase"]
[SourceDate "2023.10.10"]
[SourceVersion "1"]
[SourceVersionDate "2023.10.10"]
[SourceQuality "1"]

1. d4 Nf6 2. Bf4 e6 3. e3 d5 4. Nf3 c5 5. c3 Nc6 6. Bd3 Bd6 7. Ne5 Qc7 8. Qf3 Bxe5 9. dxe5 Nxe5 10. Bb5+ Bd7 11. Bxd7+ Nfxd7 12. Qg3 Nd3+ 13. Ke2 Nxf4+ 14. exf4 0-0-0 15. Re1 Nf6 16. Qh4 Qb6 17. b3 Qa6+ 18. Kd1 Qd3+ 19. Kc1 Ne4 20. Rd1 Qe2 21. f3 Qe3+ 22. Kc2 Nd6 23. Re1 Nf5 24. g4 Qxc3+ 25. Nxc3 Nxh4 26. Rf1 Ng2 27. Rf2 Nxf4 28. Rd1 d4 29. Ne4 Nd5 30. Kc1 Nc3 31. Rd3 Nxe4 32. fxe4 Rd7 33. Rc2 b6 0-1